Normal view MARC view
  • DERENDORF, HARMUT AND SCHMIDT ,STEPHAN

Entry Personal Name

Number of records used in: 1

001 - CONTROL NUMBER

  • control field: 7641

003 - CONTROL NUMBER IDENTIFIER

  • control field: JRU

005 - DATE AND TIME OF LATEST TRANSACTION

  • control field: 20230403111807.0

008 - FIXED-LENGTH DATA ELEMENTS

  • fixed length control field: 230403|| aca||aabn | a|a d

040 ## - CATALOGING SOURCE

  • Original cataloging agency: JRU
  • Transcribing agency: JRU

100 ## - HEADING--PERSONAL NAME

  • Personal name: DERENDORF, HARMUT AND SCHMIDT ,STEPHAN

670 ## - SOURCE DATA FOUND

  • Source citation: Work cat.: (JRU)8287: DERENDORF, HARMUT AND SCHMIDT ,STEPHAN, ROWLAND AND TOZER'S CILINICAL PHARMACOKINETICS AND PHARMACODYNAMICS CONCEPTS AND APPLICATIONS